| 000 | 00797nam a2200265Ia 4500 | ||
|---|---|---|---|
| 003 | OSt | ||
| 005 | 20220924115345.0 | ||
| 006 | a|||||r|||| 00| 0 | ||
| 007 | ta | ||
| 008 | 220923b |||||||| |||| 00| 0 urd d | ||
| 020 | _a9789381029459 (hbk) | ||
| 020 | _cINR 380.00 | ||
| 024 | _a352302 | ||
| 037 |
_b2409, 03/03/2020, M.R. Publications _cTextual |
||
| 040 |
_aARTS _cARTS _burd |
||
| 041 |
_2urd _aurd |
||
| 082 | _aO168,1N19x, Q3 | ||
| 100 |
_aKhatoon Ruqaiya Co. _9177946 |
||
| 245 | 0 |
_aKaifi Azmi _b hayat aur shairi |
|
| 260 |
_aDelhi _bArshia publications India _c2013 |
||
| 300 |
_a352p. _ccm. |
||
| 650 | _aURDU POETRY | ||
| 942 |
_hO168,1N19x, Q3 _cTEXL _2CC |
||
| 999 |
_c397992 _d397992 |
||